000 00328nam a2200133Ia 4500
008 230917s9999||||xx |||||||||||||| ||und||
040 _e160629
_aMAIN
041 _aEnglish
082 _a491.22 B469V:U
100 _aUsha Kiran
245 0 _aVakyapdiya (Brahma-kaand) ka vivechnatmak adhayayan
300 _a95 p.
942 _cTH
999 _c49689
_d49689